| 000 | 00886nam a2200229Ia 4500 | ||
|---|---|---|---|
| 003 | Ost | ||
| 005 | 20260507075115.0 | ||
| 008 | 260507s9999||||xx |||||||||||||| ||und|| | ||
| 040 | _cfsecg | ||
| 041 | _aara | ||
| 082 | _a332.4 | ||
| 100 |
_aتاشر، سوزي عدلي _eمؤلف |
||
| 245 | 0 |
_aمقدمة في الإقتصاد النقدي والمصرفي / _c سوزي عدلي تاشر |
|
| 260 |
_aبيروت: _bمنشورات الحلبي الحقوقية, _c2005 |
||
| 300 |
_a288 صفحة؛ _bإيضاحات ؛ _c24 سم |
||
| 520 | _aنشأة النقود وتطورها- النظام النقدي- التغيير في قيمة النقود والتضخم- الإئتمان- النظام المصرفي | ||
| 653 | _aالإقتصاد المالي | ||
| 653 | _aالمالية العامة | ||
| 653 | _aالمصارف | ||
| 653 | _aالنقود | ||
| 942 | _cكتاب | ||
| 999 |
_c42999 _d42999 |
||